000 00427nam a2200157 i 4500
001 bg
100 1 _aVISTRICKA, Zvonko
245 1 0 _aWybór układów radioelektronicznych /
_cZvonko Vistricka.
260 _aWarszawa :
_bWydawnictwa Komunikacji i Łączności,
_c1968.
650 9 _aUkłady elektroniczne
040 _cBPK
041 1 _apol
080 _a621.38
942 _cKS
008 s pl f |000 0 pol
999 _c10626
_d10626
856 _uhttp://koha.tu.koszalin.pl/cgi-bin/koha/opac-detail.pl?biblionumber=10626
_yKatalog online BPK